000 02606nam a22004217a 4500
003 CHAP
005 20260203144613.0
008 121008s2012 mx r 00010 spa d
010 _a104048
011 _a105020
035 _a115712
040 _cCHAP
090 _aTesis
100 1 _aLuna Valadez, Braulio de
245 1 0 _aCaracterización socioeconómica de los recolectores de insectos comestibles asociados al maguey en Pinos, Zacatecas/
_cpor Braulio de Luna Valadez; director Francisco Javier Macías Rodríguez.
264 1 _aChapingo, Méx. :
_bEl autor,
_c2012.
300 _a216 páginas.
502 _bMaestro en Ciencias en Desarrollo Rural Regional.
_c Dirección de Centros Regionales Universitarios,
_d2012.
520 _aLos recolectores de insectos de Pinos, Zacatecas se han visto en la necesidad de aprovechar los insectos comestibles asociados al maguey, poniendo en riesgo, el hábitat natural de los insectos y así, su propia calidad de vida ante la actual crisis económica y alimenticia. La presente investigación permitió - mediante 82 encuestas en 12 comunidades-, conocer la situación socioeconómica de los recolectores y analizar la problemática que ha ocasionado el aprovechamiento de los recursos naturales en el área de estudio. El análisis se realizó con dos paquetes estadísticos: SPSS-17 y MVSP 3.2, pudiendo ratificar que la recolección sí representa un atributo importante que mejora su calidad de vida. También se observó que los recursos fitogenéticos y entomofaunísticos; se encuentran sobreexplotados, además de que no existe alguna forma organizativa ni legislativa que permita llevar a cabo un aprovechamiento sustentable; por lo que, se realizó un análisis de la problemática y de sus alternativas de solución.
590 _aALEPH
_b10
_c20130110
590 _aBATCH-UPD
_b10
_c20130110
590 _aBATCH-UPD
_b10
_c20130110
590 _aBATCH-UPD
_b10
_c20130110
590 _aBATCH-UPD
_b10
_c20130110
590 _aBATCH-UPD
_b10
_c20140324
590 _aBATCH-UPD
_b10
_c20141002
590 _aCONVERSION
_b10
_c20130109
650 1 4 _aGusano blanco del maguey.
650 1 4 _aGusano rosado.
650 1 4 _aInsectos como alimento.
650 1 4 _aInsectos
_xHuevos.
700 1 _aMacías Rodríguez, Francisco Javier
_edirector.
856 _uhttp://10.13.5.2/tesis/115712.pdf
_yDESCARGAR PDF
901 _aBK
942 _cTesis
_2Clasificación Universidad Autónoma Chapingo
949 _aTesis
_bBC
_cTES
_d33724002351488
_eTS1
_h54149
_i115712
_st
949 _aTesis
_bBC
_cTES
_d33724002351520
_eTS2
_fc.2
_h54150
_i115712
_st
999 _c104048
_d104048